|
|
|
|
| LEADER |
00949nas a2200193Ia 4500 |
| 003 |
OSt |
| 005 |
20170902144117.0 |
| 008 |
140128s9999 xx 000 0 und d |
| 022 |
|
|
|a 0143-5698
|
| 245 |
|
|
|a The international tree crops journal
|
| 260 |
|
|
|a GREAT BRITAIN
|b A B ACADEMIC PUBLISHERS
|c 1990,1991
|
| 310 |
|
|
|a QUARTERLY
|
| 942 |
|
|
|2 ddc
|c BV
|
| 999 |
|
|
|c 15684
|d 15684
|
| 952 |
|
|
|0 0
|1 0
|2 ddc
|4 0
|7 0
|9 18475
|a KAUCLV
|b KAUCLV
|d 2014-03-18
|h 6(1-4)1990,1991
|p 400692
|r 2014-03-18
|w 2014-03-18
|y BV
|
| 952 |
|
|
|0 0
|1 0
|2 ddc
|4 0
|7 0
|9 18476
|a KAUCLV
|b KAUCLV
|d 2014-03-18
|h 8(1-4)1994,1995
|p 400693
|r 2014-03-18
|w 2014-03-18
|y BV
|
| 952 |
|
|
|0 0
|1 0
|2 ddc
|4 0
|7 0
|9 18477
|a KAUCLV
|b KAUCLV
|d 2014-03-18
|h 7(1-4)1991-1993
|p 400694
|r 2014-03-18
|w 2014-03-18
|y BV
|
| 952 |
|
|
|0 0
|1 0
|2 ddc
|4 0
|7 0
|9 18478
|a KAUCLV
|b KAUCLV
|d 2014-03-18
|h 9(1-4)1996-1998
|p 401861
|r 2014-03-18
|w 2014-03-18
|y BV
|
| 952 |
|
|
|0 0
|1 0
|2 ddc
|4 0
|7 0
|9 18479
|a KAUCLV
|b KAUCLV
|d 2014-03-18
|h 10(1-4)1999-2000
|p 402222
|r 2014-03-18
|w 2014-03-18
|y BV
|